[Event "Qatar Masters Open 2015"]
[Site "Doha QAT"]
[Date "2015.12.28"]
[Round "8.30"]
[White "Hamdouchi, Hicham"]
[Black "Aryan, Chopra"]
[Result "1/2-1/2"]
[WhiteElo "2597"]
[BlackElo "2436"]
[PlyCount "109"]
[EventDate "2015.12.20"]
[EventType "swiss"]
[EventRounds "9"]
[EventCountry "QAT"]
[Source "lmi"]
[SourceDate "2015.12.20"]

1. c4 c6 2. e4 d5 3. cxd5 cxd5 4. exd5 Nf6 5. Nc3 Nxd5 6. Nf3 Nxc3 7. bxc3 g6
8. d4 Bg7 9. Bd3 Nc6 10. O-O O-O 11. Re1 e5 12. Nxe5 Nxe5 13. dxe5 Qa5 14. Bf4
Qxc3 15. Be4 Be6 16. Bxb7 Rab8 17. Qf3 Qxf3 18. Bxf3 Rb4 19. Bg5 Rb5 20. Bf6
Bxf6 21. exf6 Ra5 22. g4 Ra4 23. Re4 Rxe4 24. Bxe4 Bxg4 25. Rb1 Rd8 26. Rb7 Bh3
27. Bd5 a5 28. Bxf7+ Kf8 29. Bb3 Bd7 30. Ra7 a4 31. Bxa4 Bxa4 32. Rxa4 Kf7 33.
Rb4 Rd2 34. a4 Ra2 35. h4 Kxf6 36. Kg2 Ra3 37. f3 Ra2+ 38. Kg3 h6 39. Kf4 g5+
40. hxg5+ hxg5+ 41. Ke4 Re2+ 42. Kd3 Ra2 43. Ke3 Kg6 44. Rb6+ Kh5 45. Ra6 Kh4
46. Ra5 Ra1 47. Ke4 Ra3 48. Ra6 Kg3 49. Ra5 Kh4 50. Ra6 Kg3 51. Kf5 Kxf3 52.
Kxg5 Ke4 53. Kf6 Kd5 54. Ke7 Kc5 55. Kd7 1/2-1/2

[Event "Qatar Masters Open 2015"]
[Site "Doha QAT"]
[Date "2015.12.28"]
[Round "8.31"]
[White "Gagare, Shardul"]
[Black "Vocaturo, Daniele"]
[Result "1/2-1/2"]
[WhiteElo "2470"]
[BlackElo "2597"]
[PlyCount "92"]
[EventDate "2015.12.20"]
[EventType "swiss"]
[EventRounds "9"]
[EventCountry "QAT"]
[Source "lmi"]
[SourceDate "2015.12.20"]

1. d4 Nf6 2. c4 e6 3. Nf3 Bb4+ 4. Nbd2 O-O 5. a3 Be7 6. e4 d5 7. e5 Nfd7 8. Bd3
c5 9. Qc2 h6 10. O-O cxd4 11. Nb3 Nc6 12. Re1 dxc4 13. Bxc4 a5 14. Bf4 Nb6 15.
Rad1 Bd7 16. Bd3 Nd5 17. Bc1 Qb6 18. Be4 Rac8 19. Qd3 Rfd8 20. Bxd5 exd5 21. h3
a4 22. Nbxd4 Nxd4 23. Nxd4 Rc4 24. Re2 Bc5 25. Be3 Bb5 26. Nxb5 Qxb5 27. Bxc5
Qxc5 28. e6 fxe6 29. Rxe6 Rc2 30. Re2 Rxe2 31. Qxe2 d4 32. Qd3 b5 33. Qg6 Qc4
34. Re1 d3 35. Re8+ Rxe8 36. Qxe8+ Kh7 37. Qd7 Qe4 38. Kf1 Qe2+ 39. Kg1 d2 40.
Qf5+ Kg8 41. Qc8+ Kf7 42. Qd7+ Kg6 43. Qc6+ Kf7 44. Qd7+ Kg6 45. Qc6+ Kh5 46.
Qd5+ Kg6 1/2-1/2

[Event "Qatar Masters Open 2015"]
[Site "Doha QAT"]
[Date "2015.12.28"]
[Round "8.32"]
[White "Saduakassova, Dinara"]
[Black "Esen, Baris"]
[Result "1-0"]
[WhiteElo "2407"]
[BlackElo "2562"]
[PlyCount "71"]
[EventDate "2015.12.20"]
[EventType "swiss"]
[EventRounds "9"]
[EventCountry "QAT"]
[Source "lmi"]
[SourceDate "2015.12.20"]

1. d4 d5 2. c4 c6 3. cxd5 cxd5 4. Bf4 Nc6 5. e3 Bf5 6. Nc3 e6 7. Qb3 Qd7 8. Nf3
f6 9. Bb5 Rc8 10. O-O g5 11. Bg3 Bd6 12. Bxd6 Qxd6 13. Rfe1 Kf8 14. e4 dxe4 15.
Nxe4 Qb4 16. Bxc6 Qxb3 17. axb3 Rxc6 18. Rxa7 Bxe4 19. Rxe4 Rb6 20. Nd2 Kf7 21.
Ra8 h5 22. Rb8 Rh7 23. Nc4 Rxb3 24. Nd6+ Ke7 25. Rxb7+ Rxb7 26. Nxb7 Kd7 27.
Nc5+ Kd6 28. Rxe6+ Kd5 29. Re8 Ra7 30. Rd8+ Kc4 31. g3 Ne7 32. Ne4 Ra6 33. b3+
Kb4 34. d5 h4 35. Rb8+ Ka3 36. d6 1-0

[Event "Qatar Masters Open 2015"]
[Site "Doha QAT"]
[Date "2015.12.28"]
[Round "8.33"]
[White "Rambaldi, Francesco"]
[Black "Saiyn, Zhanat"]
[Result "1/2-1/2"]
[WhiteElo "2560"]
[BlackElo "2394"]
[PlyCount "81"]
[EventDate "2015.12.20"]
[EventType "swiss"]
[EventRounds "9"]
[EventCountry "QAT"]
[Source "lmi"]
[SourceDate "2015.12.20"]

1. d4 Nf6 2. Nf3 e6 3. c4 d5 4. Nc3 Bb4 5. Bg5 h6 6. Bxf6 Qxf6 7. Qb3 c5 8.
cxd5 exd5 9. dxc5 Bxc3+ 10. bxc3 O-O 11. Nd4 Qd8 12. e3 Qa5 13. Qb4 Qc7 14. Rc1
Nd7 15. Nb3 a5 16. Qa3 Ne5 17. Nd4 Rd8 18. Be2 Nc4 19. Bxc4 dxc4 20. O-O Rd5
21. c6 bxc6 22. e4 Re5 23. Rce1 c5 24. f4 Re7 25. Nf3 Qxf4 26. Qxc5 Qc7 27.
Qxc7 Rxc7 28. Nd4 Rb8 29. Rf2 Bd7 30. e5 Rcb7 31. Rd2 Rb2 32. Ree2 Rb1+ 33. Kf2
Bg4 34. Re4 R8b2 35. Rxb2 Rxb2+ 36. Kg3 Bh5 37. e6 fxe6 38. Re5 Bg6 39. Rxa5 e5
40. Nf3 Bb1 41. Rxe5 1/2-1/2

[Event "Qatar Masters Open 2015"]
[Site "Doha QAT"]
[Date "2015.12.28"]
[Round "8.34"]
[White "Rohan, Ahuja"]
[Black "Xu, Jun"]
[Result "1/2-1/2"]
[WhiteElo "2426"]
[BlackElo "2526"]
[PlyCount "131"]
[EventDate "2015.12.20"]
[EventType "swiss"]
[EventRounds "9"]
[EventCountry "QAT"]
[Source "lmi"]
[SourceDate "2015.12.20"]

1. Nf3 c5 2. c4 Nc6 3. Nc3 Nd4 4. e3 Nxf3+ 5. Qxf3 g6 6. d4 Bg7 7. dxc5 Bxc3+
8. bxc3 Qa5 9. e4 Qxc5 10. Bd3 d6 11. Be3 Qa5 12. Rc1 Nf6 13. Bd4 O-O 14. Bxf6
exf6 15. Qxf6 Be6 16. h4 Rac8 17. Qd4 Qc5 18. O-O b6 19. Rfd1 h5 20. Bf1 Bxc4
21. Qxc5 Rxc5 22. Rxd6 Rfc8 23. Bxc4 Rxc4 24. Rd7 Rxe4 25. Rxa7 Rxh4 26. Rb7
Rc6 27. Rb1 Rxc3 28. R7xb6 Ra4 29. R6b2 Rca3 30. g3 h4 31. gxh4 Rg4+ 32. Kf1
Rxh4 33. Rb8+ Kg7 34. R1b2 Rh1+ 35. Kg2 Rah3 36. R8b3 R3h2+ 37. Kf3 Rc1 38. Kg3
Rhh1 39. f4 Rc4 40. Rf3 Rg1+ 41. Rg2 Rb1 42. a3 Kf6 43. Rd2 Rb5 44. Rfd3 Ra4
45. Rd6+ Kg7 46. R2d3 Rba5 47. Rd7 Rxa3 48. Rxa3 Rxa3+ 49. Kg4 Kf6 50. Rb7 Rd3
51. Rb6+ Ke7 52. Rb7+ Kf6 53. Rb6+ Kg7 54. Rb7 Rc3 55. Ra7 Rc5 56. Rb7 Rc1 57.
Ra7 Rc5 58. Rb7 Rf5 59. Ra7 Rc5 60. Rb7 Kf6 61. Rb6+ Ke7 62. Rb7+ Ke6 63. Rb6+
Kd5 64. f5 gxf5+ 65. Kxf5 Rc1 66. Rf6 1/2-1/2

[Event "Qatar Masters Open 2015"]
[Site "Doha QAT"]
[Date "2015.12.28"]
[Round "8.35"]
[White "Al-Sayed, Mohammed"]
[Black "Firouzja, Alireza"]
[Result "1-0"]
[WhiteElo "2520"]
[BlackElo "2372"]
[PlyCount "95"]
[EventDate "2015.12.20"]
[EventType "swiss"]
[EventRounds "9"]
[EventCountry "QAT"]
[Source "lmi"]
[SourceDate "2015.12.20"]

1. d4 Nf6 2. c4 g6 3. Nc3 d5 4. Bg5 Ne4 5. Bh4 Nxc3 6. bxc3 dxc4 7. e3 Be6 8.
Be2 Bg7 9. Nh3 c6 10. Nf4 Bd5 11. Qb1 Qb6 12. e4 Bh6 13. Nxd5 cxd5 14. exd5 Nd7
15. Qc2 Qa6 16. O-O Nf6 17. Bf3 O-O 18. Rfe1 Bf4 19. Rxe7 Qd6 20. Rxb7 Bxh2+
21. Kh1 Bf4 22. g3 Bh6 23. Kg2 g5 24. Qc1 Ne4 25. Bxe4 gxh4 26. Qc2 hxg3 27.
fxg3 Rae8 28. Rh1 Kh8 29. Bf3 Rg8 30. Rh3 Rg7 31. Qf5 Rf8 32. Qe5 Qg6 33. Be4
Qa6 34. Rb8 Rxb8 35. Qxb8+ Rg8 36. Qe5+ Rg7 37. d6 Qxa2+ 38. Kh1 Qa1+ 39. Kh2
Qb2+ 40. Bg2 Bg5 41. d7 Qb6 42. Qe8+ Rg8 43. Qxf7 h6 44. Rh5 Qd8 45. Be4 Rg7
46. Qe8+ Rg8 47. Qe6 Qf6 48. Qxf6+ 1-0

[Event "Qatar Masters Open 2015"]
[Site "Doha QAT"]
[Date "2015.12.28"]
[Round "8.36"]
[White "Karavade, Eesha"]
[Black "Schroeder, Jan-Christian"]
[Result "1-0"]
[WhiteElo "2379"]
[BlackElo "2511"]
[PlyCount "99"]
[EventDate "2015.12.20"]
[EventType "swiss"]
[EventRounds "9"]
[EventCountry "QAT"]
[Source "lmi"]
[SourceDate "2015.12.20"]

1. e4 e6 2. d4 d5 3. Bd3 dxe4 4. Bxe4 Nf6 5. Bf3 c5 6. Ne2 Nc6 7. Be3 Nd5 8.
Bxd5 Qxd5 9. Nbc3 Qc4 10. b3 Qa6 11. dxc5 Be7 12. O-O O-O 13. Qd3 b6 14. cxb6
axb6 15. Qxa6 Bxa6 16. Rfd1 Bf6 17. Rac1 Rfc8 18. a4 Nb4 19. Bd4 e5 20. Bxb6
Rc6 21. Be3 Rac8 22. Nb5 Na2 23. c4 Nxc1 24. Bxc1 Rd8 25. Rxd8+ Bxd8 26. Nec3
Rc8 27. Be3 Ra8 28. f3 f6 29. Nd5 Bb7 30. Nb6 Ra6 31. c5 Kf8 32. Nc3 Bxb6 33.
cxb6 Ke7 34. b4 Ra8 35. a5 Kd7 36. Nb5 Rc8 37. Bc5 Ba6 38. Na7 g6 39. Kf2 Rc6
40. Nxc6 Kxc6 41. h4 f5 42. Ke3 Kb5 43. Bd6 e4 44. fxe4 fxe4 45. g4 h5 46. gxh5
gxh5 47. Kxe4 Bb7+ 48. Kf4 Ka6 49. Kg5 Bf3 50. Bc5 1-0

[Event "Qatar Masters Open 2015"]
[Site "Doha QAT"]
[Date "2015.12.28"]
[Round "8.39"]
[White "Raja, Harshit"]
[Black "Shoker, Samy"]
[Result "1/2-1/2"]
[WhiteElo "2325"]
[BlackElo "2489"]
[PlyCount "171"]
[EventDate "2015.12.20"]
[EventType "swiss"]
[EventRounds "9"]
[EventCountry "QAT"]
[Source "lmi"]
[SourceDate "2015.12.20"]

1. e4 g6 2. d4 Bg7 3. Nc3 d6 4. Nf3 a6 5. Be2 b5 6. O-O Nd7 7. a4 b4 8. Nd5 c5
9. dxc5 Nxc5 10. e5 dxe5 11. Be3 Bb7 12. Nxb4 Nd7 13. c4 e4 14. Nd2 Bh6 15. Qb3
Bxe3 16. Qxe3 Ngf6 17. a5 O-O 18. Rfd1 Qc8 19. Nb3 Ne5 20. Qg3 Qb8 21. c5 Bc8
22. Nd4 Nf3+ 23. gxf3 Qxb4 24. fxe4 Qxc5 25. Rac1 Qb4 26. Nc6 Qxb2 27. Nxe7+
Kg7 28. Bf3 Ng8 29. Rb1 Qa3 30. Nd5 Qxa5 31. Qe5+ f6 32. Qd4 Be6 33. Rb7+ Rf7
34. Rxf7+ Bxf7 35. e5 Rd8 36. exf6+ Kh8 37. Qa7 Rf8 38. Rd4 Qe1+ 39. Kg2 Qe5
40. Rf4 h5 41. h4 Qb8 42. Qe3 Kh7 43. Nc3 Re8 44. Qd2 Qd8 45. Rd4 Qxf6 46. Ne4
Qg7 47. Rd7 Re7 48. Rd8 Be8 49. Qd6 Rd7 50. Ng5+ Kh8 51. Rxd7 Bxd7 52. Bd5 Be8
53. Qd8 Qd4 54. Nf3 Qg4+ 55. Kh1 Qh3+ 56. Kg1 Qg4+ 57. Kf1 Qh3+ 58. Ke1 Qd7 59.
Qa5 Qe7+ 60. Kf1 Bb5+ 61. Kg1 Qd6 62. Qc3+ Nf6 63. Ng5 Qe7 64. Be6 Kg7 65. Qc8
a5 66. Qb8 Bc6 67. Qb6 Qb7 68. Qd4 Qb1+ 69. Kh2 Qb4 70. Qa7+ Bb7 71. Bh3 Ng4+
72. Kg1 a4 73. Bg2 Qb1+ 74. Bf1 Qb2 75. Bg2 Qc1+ 76. Bf1 Qc6 77. f3 Ne5 78. Qd4
Qf6 79. Qxa4 Nxf3+ 80. Nxf3 Qxf3 81. Qd4+ Qf6 82. Qxf6+ Kxf6 83. Kf2 Be4 84.
Kg3 Ke5 85. Be2 Bf5 86. Bd1 1/2-1/2

[Event "Qatar Masters Open 2015"]
[Site "Doha QAT"]
[Date "2015.12.28"]
[Round "8.40"]
[White "Dubov, Daniil"]
[Black "Puranik, Abhimanyu"]
[Result "1-0"]
[WhiteElo "2655"]
[BlackElo "2442"]
[PlyCount "73"]
[EventDate "2015.12.20"]
[EventType "swiss"]
[EventRounds "9"]
[EventCountry "QAT"]
[Source "lmi"]
[SourceDate "2015.12.20"]

1. d4 Nf6 2. c4 g6 3. g3 Bg7 4. Bg2 d5 5. cxd5 Nxd5 6. Nf3 Nb6 7. Nc3 Nc6 8. e3
O-O 9. O-O Re8 10. Re1 a5 11. Nb5 a4 12. Bd2 e5 13. dxe5 Nxe5 14. Nxe5 Bxe5 15.
Bc3 Bxc3 16. Nxc3 c6 17. Ne4 Ra5 18. Nd6 Ree5 19. e4 Re7 20. Qd2 Ra8 21. Rad1
Bg4 22. f3 Be6 23. Qf2 Qc7 24. f4 Rd7 25. f5 Bxa2 26. e5 Nc4 27. Qf4 Nxd6 28.
exd6 Qb6+ 29. Kh1 Qxb2 30. f6 h6 31. Re5 Qc2 32. Rde1 Kh7 33. Rh5 gxh5 34. Be4+
Qxe4+ 35. Qxe4+ Kg8 36. Qf4 Bd5+ 37. Kg1 1-0

[Event "Qatar Masters Open 2015"]
[Site "Doha QAT"]
[Date "2015.12.28"]
[Round "8.42"]
[White "Bromberger, Stefan"]
[Black "Vogel, Roven"]
[Result "1-0"]
[WhiteElo "2521"]
[BlackElo "2439"]
[PlyCount "77"]
[EventDate "2015.12.20"]
[EventType "swiss"]
[EventRounds "9"]
[EventCountry "QAT"]
[Source "lmi"]
[SourceDate "2015.12.20"]

1. e4 e5 2. Nf3 Nc6 3. Bb5 a6 4. Ba4 Nge7 5. O-O g6 6. c3 Bg7 7. d4 exd4 8.
cxd4 b5 9. Bc2 d6 10. d5 Na5 11. Bd2 c5 12. Bc3 f6 13. b3 O-O 14. Nbd2 g5 15.
b4 Nb7 16. a4 Bd7 17. axb5 Bxb5 18. Re1 Ng6 19. Nb3 g4 20. Nfd2 Qd7 21. Nf1
Bxf1 22. bxc5 Bb5 23. c6 Bxc6 24. dxc6 Qxc6 25. Re3 Nc5 26. Nd4 Qd7 27. Nf5 Ne7
28. Nxg7 Kxg7 29. h3 gxh3 30. Qh5 Qe8 31. Rg3+ Ng6 32. Rxh3 Rh8 33. Qh6+ Kf7
34. Rf3 Nd7 35. Bb3+ Ke7 36. Qg7+ Kd8 37. Ba5+ Kc8 38. Rc3+ Kb8 39. Rb1 1-0

[Event "Qatar Masters Open 2015"]
[Site "Doha QAT"]
[Date "2015.12.28"]
[Round "8.44"]
[White "Sundararajan, Kidambi"]
[Black "Wang, Yiye"]
[Result "1/2-1/2"]
[WhiteElo "2513"]
[BlackElo "2438"]
[PlyCount "83"]
[EventDate "2015.12.20"]
[EventType "swiss"]
[EventRounds "9"]
[EventCountry "QAT"]
[Source "lmi"]
[SourceDate "2015.12.20"]

1. Nf3 d5 2. g3 Nf6 3. Bg2 c6 4. O-O Bg4 5. d3 Nbd7 6. Qe1 e5 7. e4 dxe4 8.
dxe4 Bc5 9. h3 Bh5 10. a4 a5 11. Na3 Qc7 12. Nc4 b5 13. axb5 cxb5 14. Nxa5 Bb6
15. Nb3 Ra4 16. Rxa4 bxa4 17. Na1 O-O 18. Nh4 Qc4 19. g4 Bg6 20. Nxg6 hxg6 21.
Be3 Rb8 22. b3 axb3 23. cxb3 Qb5 24. Bxb6 Qxb6 25. Qc3 Nc5 26. Qxe5 Ncxe4 27.
Qf4 g5 28. Qe3 Qxe3 29. fxe3 Rb4 30. Rc1 Rb6 31. Rc4 Nd2 32. Rc8+ Kh7 33. Rc6
Rb5 34. Rc3 g6 35. Rd3 Nfe4 36. Nc2 Rc5 37. Nd4 Rc1+ 38. Kh2 Rb1 39. Bxe4 Nxe4
40. Nf3 Rb2+ 41. Kg1 Rb1+ 42. Kg2 1/2-1/2

[Event "Qatar Masters Open 2015"]
[Site "Doha QAT"]
[Date "2015.12.28"]
[Round "8.45"]
[White "Sunilduth Lyna, Narayanan"]
[Black "Abdusattorov, Nodirbek"]
[Result "1-0"]
[WhiteElo "2494"]
[BlackElo "2429"]
[PlyCount "53"]
[EventDate "2015.12.20"]
[EventType "swiss"]
[EventRounds "9"]
[EventCountry "QAT"]
[Source "lmi"]
[SourceDate "2015.12.20"]

1. d4 Nf6 2. c4 e6 3. Nf3 d5 4. Nc3 Be7 5. Bg5 O-O 6. Qc2 Nbd7 7. cxd5 exd5 8.
e3 c6 9. Bd3 h6 10. Bf4 Nh5 11. O-O-O Nxf4 12. exf4 b5 13. Ne5 Bb7 14. Kb1 Nb6
15. g4 b4 16. Na4 Nxa4 17. Qxa4 Qc7 18. h4 c5 19. dxc5 Bxc5 20. Rc1 Qd6 21. Qb5
Bb6 22. Bc2 f6 23. Qd3 fxe5 24. fxe5 Qe7 25. Qh7+ Kf7 26. Qg6+ Kg8 27. e6 1-0

[Event "Qatar Masters Open 2015"]
[Site "Doha QAT"]
[Date "2015.12.28"]
[Round "8.46"]
[White "Zhukova, Natalia"]
[Black "Abdumalik, Zhansaya"]
[Result "1-0"]
[WhiteElo "2488"]
[BlackElo "2390"]
[PlyCount "81"]
[EventDate "2015.12.20"]
[EventType "swiss"]
[EventRounds "9"]
[EventCountry "QAT"]
[Source "lmi"]
[SourceDate "2015.12.20"]

1. Nf3 Nf6 2. c4 c5 3. Nc3 Nc6 4. d4 cxd4 5. Nxd4 e6 6. g3 Qb6 7. Nb3 Ne5 8.
Bg2 Nxc4 9. O-O a6 10. e4 d6 11. Qe2 Ne5 12. Be3 Qd8 13. h3 Ned7 14. f4 Be7 15.
a4 O-O 16. a5 e5 17. Rfd1 Re8 18. Na4 exf4 19. gxf4 Bf8 20. Nc3 Rb8 21. Ba7 Ra8
22. Bf2 Qc7 23. Rac1 Nc5 24. Nxc5 dxc5 25. e5 Qxa5 26. Qf3 Nd7 27. Nd5 Rb8 28.
Bh4 c4 29. Rxc4 b5 30. b4 Qa2 31. Rc7 Kh8 32. Qh5 Re6 33. Qxf7 Rg6 34. Bg5 Bxb4
35. e6 Qe2 36. exd7 Qxd1+ 37. Kh2 Bxd7 38. Qxd7 Bf8 39. Rc8 Rgb6 40. Qe8 Rxc8
41. Qxc8 1-0

[Event "Qatar Masters Open 2015"]
[Site "Doha QAT"]
[Date "2015.12.28"]
[Round "8.47"]
[White "Neelotpal, Das"]
[Black "Khademalsharieh, Sarasadat"]
[Result "1/2-1/2"]
[WhiteElo "2475"]
[BlackElo "2380"]
[PlyCount "50"]
[EventDate "2015.12.20"]
[EventType "swiss"]
[EventRounds "9"]
[EventCountry "QAT"]
[Source "lmi"]
[SourceDate "2015.12.20"]

1. e4 e5 2. Nf3 Nc6 3. Bc4 Bc5 4. c3 Nf6 5. d3 a6 6. O-O Ba7 7. h3 d6 8. Bb3 h6
9. Re1 Be6 10. Nbd2 Qd7 11. Nf1 O-O 12. Ng3 Rfe8 13. Bxe6 fxe6 14. Be3 Bxe3 15.
Rxe3 Qf7 16. Qb3 Rab8 17. d4 Nd7 18. Rd1 Rf8 19. Qc4 Rbe8 20. Qb3 Rb8 21. Rd2
Na5 22. Qb4 Nc6 23. Qb3 Na5 24. Qb4 Nc6 25. Qb3 Na5 1/2-1/2

[Event "Qatar Masters Open 2015"]
[Site "Doha QAT"]
[Date "2015.12.28"]
[Round "8.48"]
[White "Abhishek, Kelkar"]
[Black "Krush, Irina"]
[Result "1/2-1/2"]
[WhiteElo "2393"]
[BlackElo "2468"]
[PlyCount "170"]
[EventDate "2015.12.20"]
[EventType "swiss"]
[EventRounds "9"]
[EventCountry "QAT"]
[Source "lmi"]
[SourceDate "2015.12.20"]

1. e4 c5 2. Nf3 Nc6 3. d4 cxd4 4. Nxd4 e5 5. Nb5 d6 6. c4 a6 7. N5c3 Be7 8. Bd3
Bg5 9. Nd2 Nge7 10. O-O O-O 11. Nb3 Bxc1 12. Rxc1 Be6 13. Qd2 Na5 14. Nd5 Nec6
15. Bb1 Nxb3 16. axb3 Nd4 17. Rc3 Bxd5 18. exd5 Qb6 19. g4 f5 20. gxf5 Nxf5 21.
Qg5 Qd8 22. Qg4 Qf6 23. Kh1 g6 24. Rh3 Rae8 25. b4 Nd4 26. c5 Re7 27. Be4 Ref7
28. Rg1 Rg7 29. c6 Qe7 30. Rc3 Qc7 31. Rf1 Rgf7 32. f3 Ne2 33. Rc2 Nd4 34. Rc3
Ne2 35. Rc2 Nd4 36. Rc4 Rf4 37. Qg2 R8f7 38. Rc3 Kg7 39. Rg1 R4f6 40. f4 exf4
41. Qf2 Nb5 42. Rh3 Qe7 43. Bf3 Qf8 44. Bg4 bxc6 45. dxc6 d5 46. Bf3 Qd6 47.
Rc1 Rc7 48. Qh4 Kh8 49. Rc5 Rf5 50. Bg4 Rff7 51. Bd7 Qe5 52. Qf2 Qe4+ 53. Kg1
f3 54. Rc1 Nd4 55. Re1 Ne2+ 56. Kh1 d4 57. Rxf3 Rxf3 58. Rxe2 Qd5 59. Re5 Rxf2+
60. Rxd5 Rd2 61. Kg1 d3 62. b3 Kg7 63. h3 Kf6 64. Kf1 g5 65. Ke1 Re2+ 66. Kd1
Re4 67. b5 axb5 68. Rxb5 Rxd7 69. cxd7 Rd4 70. Kd2 Rxd7 71. Rc5 h5 72. Rc3 h4
73. Rxd3 Rxd3+ 74. Kxd3 g4 75. Ke2 g3 76. Kf3 Ke5 77. b4 Kd5 78. b5 Kc5 79. b6
Kxb6 80. Kg2 Kc5 81. Kg1 Kd4 82. Kg2 Ke3 83. Kg1 Kf3 84. Kf1 g2+ 85. Kg1 Kg3
1/2-1/2

[Event "Qatar Masters Open 2015"]
[Site "Doha QAT"]
[Date "2015.12.28"]
[Round "8.49"]
[White "Vaishali, R."]
[Black "Ali Marandi, Cemil Can"]
[Result "1-0"]
[WhiteElo "2313"]
[BlackElo "2454"]
[PlyCount "89"]
[EventDate "2015.12.20"]
[EventType "swiss"]
[EventRounds "9"]
[EventCountry "QAT"]
[Source "lmi"]
[SourceDate "2015.12.20"]

1. Nf3 d5 2. g3 Nf6 3. Bg2 b5 4. O-O e6 5. d4 Nbd7 6. a4 b4 7. a5 Bd6 8. c3
bxc3 9. bxc3 Ba6 10. Ba3 O-O 11. Re1 Rc8 12. Nbd2 Bxa3 13. Rxa3 c5 14. e3 Ne8
15. Qa4 Nd6 16. Rb3 Bd3 17. Rb2 a6 18. Ne5 Bb5 19. Qa3 cxd4 20. cxd4 Nxe5 21.
dxe5 Nb7 22. Nb3 Qc7 23. Ra1 Bc4 24. Nd4 Nc5 25. f4 f6 26. exf6 gxf6 27. Rb6
Qd7 28. f5 exf5 29. Bh3 Bd3 30. Rc1 Qe8 31. Nxf5 Qe5 32. Nh6+ Kh8 33. Ng4 Qe7
34. Rxc5 Bc4 35. Nxf6 Rxc5 36. Nd7 d4 37. Nxc5 Bd5 38. e4 Qg5 39. exd5 Qd2 40.
Qd3 Qf2+ 41. Kh1 Qe1+ 42. Bf1 Rxf1+ 43. Kg2 Rf2+ 44. Kh3 Qe5 45. Qxd4 1-0

[Event "Qatar Masters Open 2015"]
[Site "Doha QAT"]
[Date "2015.12.28"]
[Round "8.50"]
[White "Venkatesh, M.R."]
[Black "Guramishvili, Sopiko"]
[Result "1-0"]
[WhiteElo "2451"]
[BlackElo "2368"]
[PlyCount "91"]
[EventDate "2015.12.20"]
[EventType "swiss"]
[EventRounds "9"]
[EventCountry "QAT"]
[Source "lmi"]
[SourceDate "2015.12.20"]

1. e4 c5 2. Nc3 a6 3. g3 b5 4. Bg2 Bb7 5. Nge2 e6 6. d4 cxd4 7. Nxd4 b4 8. Na4
Nf6 9. O-O Bxe4 10. Bxe4 Nxe4 11. Re1 d5 12. c4 bxc3 13. bxc3 Be7 14. c4 Nf6
15. Rb1 O-O 16. Bf4 Bd6 17. Nb6 Bxf4 18. Nxa8 Nbd7 19. gxf4 Qxa8 20. Rc1 dxc4
21. Rxc4 Qd5 22. Rc2 Kh8 23. Ne2 Qf5 24. Rc7 Qa5 25. Rc2 Qf5 26. Rd2 Nd5 27.
Rd4 N7f6 28. Ng3 Qh3 29. f5 h5 30. Qd2 Ng4 31. f3 Nh6 32. Qg2 Qxg2+ 33. Kxg2
Kg8 34. fxe6 fxe6 35. Ra4 Nf4+ 36. Kg1 h4 37. Ne4 Nh3+ 38. Kg2 Nf4+ 39. Kg1 Nf5
40. Ng5 Nd3 41. Rb1 e5 42. Ra3 Nf4 43. Rxa6 Nd4 44. Ra7 Nc6 45. Rc7 Nd8 46. Rb8
1-0

[Event "Qatar Masters Open 2015"]
[Site "Doha QAT"]
[Date "2015.12.28"]
[Round "8.51"]
[White "Kashlinskaya, Alina"]
[Black "Nezad, Husein Aziz"]
[Result "1-0"]
[WhiteElo "2448"]
[BlackElo "2425"]
[PlyCount "85"]
[EventDate "2015.12.20"]
[EventType "swiss"]
[EventRounds "9"]
[EventCountry "QAT"]
[Source "lmi"]
[SourceDate "2015.12.20"]

1. d4 Nf6 2. c4 g6 3. Nc3 Bg7 4. e4 d6 5. Nf3 O-O 6. h3 e5 7. d5 a5 8. Be3 Na6
9. Nd2 Nc5 10. Be2 Ne8 11. g4 f5 12. gxf5 gxf5 13. Rg1 Qh4 14. Qc2 fxe4 15.
Ndxe4 Bf5 16. Bxc5 dxc5 17. O-O-O Nd6 18. Bd3 Bxe4 19. Nxe4 Nxe4 20. Bxe4 Rxf2
21. Qd3 Rf4 22. d6 c6 23. d7 Rd8 24. Rg4 Qe7 25. Bxh7+ Kh8 26. Be4 a4 27. Kb1
a3 28. Qxa3 Rxd7 29. Rdg1 Qd8 30. Bc2 Qf6 31. Rc1 Rf2 32. Qxc5 Rxc2 33. Kxc2
Qf5+ 34. Kb3 Qd3+ 35. Ka4 b5+ 36. cxb5 cxb5+ 37. Ka5 Qd2+ 38. Rc3 e4 39. Qh5+
Kg8 40. Qe8+ Kh7 41. Qxe4+ Kg8 42. Qe6+ Rf7 43. Ka6 1-0

[Event "Qatar Masters Open 2015"]
[Site "Doha QAT"]
[Date "2015.12.28"]
[Round "8.52"]
[White "Tissir, Mohamed"]
[Black "Firat, Burak"]
[Result "1-0"]
[WhiteElo "2346"]
[BlackElo "2446"]
[PlyCount "73"]
[EventDate "2015.12.20"]
[EventType "swiss"]
[EventRounds "9"]
[EventCountry "QAT"]
[Source "lmi"]
[SourceDate "2015.12.20"]

1. e4 c5 2. Nf3 d6 3. d4 cxd4 4. Nxd4 Nf6 5. Nc3 Nc6 6. Nb3 e6 7. f4 a6 8. Bd3
b5 9. a3 Bb7 10. O-O Be7 11. Qf3 Qc7 12. Be3 Rc8 13. Qh3 b4 14. axb4 Nxb4 15.
Nd4 h5 16. Kh1 Nxd3 17. cxd3 g6 18. Qf3 Ng4 19. Bg1 Bf6 20. Qe2 Qe7 21. h3 Bg7
22. Qe1 Nf6 23. Nf3 e5 24. Bh2 Nd7 25. Nd5 Bxd5 26. exd5 O-O 27. fxe5 dxe5 28.
Rxa6 Rfe8 29. Rc6 Rxc6 30. dxc6 Nb8 31. Bxe5 Bxe5 32. Qxe5 Nxc6 33. Qb5 Qd6 34.
d4 Re7 35. Qc4 Rc7 36. Rc1 Rc8 37. Ne5 1-0

[Event "Qatar Masters Open 2015"]
[Site "Doha QAT"]
[Date "2015.12.28"]
[Round "8.53"]
[White "Svane, Rasmus"]
[Black "Derakhshani, Dorsa"]
[Result "1-0"]
[WhiteElo "2529"]
[BlackElo "2307"]
[PlyCount "77"]
[EventDate "2015.12.20"]
[EventType "swiss"]
[EventRounds "9"]
[EventCountry "QAT"]
[Source "lmi"]
[SourceDate "2015.12.20"]

1. Nf3 Nf6 2. c4 b6 3. g3 Bb7 4. Bg2 e6 5. O-O Be7 6. d4 O-O 7. Re1 c6 8. e4 d5
9. e5 Ne4 10. Bf4 Nd7 11. cxd5 cxd5 12. Nbd2 Nxd2 13. Qxd2 a5 14. Rec1 Ba6 15.
Bf1 Bxf1 16. Kxf1 b5 17. Rc6 Nb6 18. b3 Ba3 19. Qd3 Nc8 20. Bc1 Be7 21. h4 Na7
22. Rc2 Qd7 23. Bg5 Ba3 24. Bd2 Nc6 25. Ng5 g6 26. h5 Ra7 27. Kg2 h6 28. Nf3
Kg7 29. hxg6 fxg6 30. Rh1 Rh8 31. Nh2 Be7 32. Ng4 h5 33. Nf6 Bxf6 34. exf6+
Kxf6 35. Rhc1 Nb4 36. Bxb4 axb4 37. Qe3 Qd6 38. Rc6 Qf8 39. Qxe6+ 1-0

[Event "Qatar Masters Open 2015"]
[Site "Doha QAT"]
[Date "2015.12.28"]
[Round "8.54"]
[White "Bartel, Marta"]
[Black "Sanal, Vahap"]
[Result "0-1"]
[WhiteElo "2271"]
[BlackElo "2487"]
[PlyCount "108"]
[EventDate "2015.12.20"]
[EventType "swiss"]
[EventRounds "9"]
[EventCountry "QAT"]
[Source "lmi"]
[SourceDate "2015.12.20"]

1. d4 Nf6 2. Nf3 e6 3. c4 b6 4. Bf4 Bb7 5. e3 g6 6. Nc3 Bg7 7. Be2 O-O 8. h3 d6
9. O-O Nbd7 10. Qc2 Nh5 11. Bh2 f5 12. Nd2 Kh8 13. f4 e5 14. d5 exf4 15. exf4
c6 16. Bxh5 gxh5 17. Nf3 cxd5 18. cxd5 b5 19. Rad1 b4 20. Ne2 Qa5 21. Ng3 Rac8
22. Qd2 Nb6 23. Nxh5 Nc4 24. Qe1 Bxb2 25. Ng5 Bxd5 26. Qe7 Bg8 27. Kh1 Qc7 28.
Qe2 Rce8 29. Qc2 Bc3 30. Bg1 Ne3 31. Bxe3 Rxe3 32. Rf3 Rxf3 33. Nxf3 Qf7 34.
Ng3 Qxa2 35. Qd3 Qe6 36. Qa6 b3 37. Ng5 Qe7 38. Qd3 Qc7 39. Rc1 b2 40. Rxc3
b1=Q+ 41. Qxb1 Qxc3 42. Nxf5 Ba2 43. Qe4 Qc4 44. Qe7 Qf1+ 45. Kh2 Qxf4+ 46. Ng3
Bg8 47. Nf3 Rf7 48. Qe1 Rg7 49. Ng1 Bc4 50. Nf3 Bf7 51. Ng1 Bh5 52. Qc3 Qxg3+
53. Qxg3 Rxg3 54. Kxg3 a5 0-1